Statistics for Mal's General Knowledge 7

Click here to take the quiz!

General Stats

  • This quiz has been taken 139 times
  • The average score is 8 of 20

Answer Stats

Hint Answer % Correct
What is the capital of PortugalLisbon
96%
Which nerve forms the link between the eye and the brainOptic Nerve
80%
What is 'Agoraphobia' the fear ofOpen Spaces
79%
What kind of creature is a flying foxBat
78%
Who said "I think, therefore I am"Rene Descartes
67%
How many letters make up the Hawaiin alphabet12
58%
What are 'woofers' and 'tweeters'+Speakers
57%
What are so called 'White Ants'Termites
57%
How many pieces does each player start with in 'Backgammon'15
50%
Where are the 'Nazca Lines'Peru
43%
Which golfer was known as 'The Golden Bear'Jack Nicklaus
40%
Who composed 'Peer Gynt'Edward Grieg
24%
Who was the youngest ever American PresidentTheodore Roosevelt
21%
Cinnamon originated in which Asian countrySri Lanka
20%
Franz Liszt was the father-in-law of which composerRichard Wagner
19%
What is Neptunes largest moonTriton
16%
Who was the 1st non-human to win an OscarMickey Mouse
10%
Who was the first Actor to refuse an OscarGeorge C. Scott
10%
Who designed the 'Italian Flag'Napoleon
6%
Which Englishman killed John Wilkes BoothBoston Corbett
2%

Score Distribution

Percentile by Number Answered

Percent of People with Each Score

Your Score History

You have not taken this quiz